Statistics for Smallest US States by Population A-W

Click here to take the quiz!

General Stats

  • This quiz has been taken 30 times
    (20 since last reset)
  • The average score is 17 of 19

Answer Stats

LetterState% Correct
DDelaware
100%
CConnecticut
100%
AAlaska
95%
OOklahoma
95%
FFlorida
95%
GGeorgia
95%
HHawaii
95%
VVermont
95%
RRhode Island
95%
UUtah
89%
PPennsylvania
89%
MMontana
89%
LLouisiana
89%
KKansas
89%
IIdaho
89%
NNorth Dakota
84%
SSouth Dakota
84%
TTennessee
84%
WWyoming
84%

Score Distribution

Percentile by Number Answered

Percent of People with Each Score

Your Score History

You have not taken this quiz since the last reset